000 00439nam a22001817a 4500
003 koha_MIRAKIL
005 20231213100249.0
008 231213b |||||||| |||| 00| 0 ||| d
020 _b978-9-75476357-7
040 _aTR-IsEVY
_btur
_cTR-IsEVY
082 _aFIC BUC/K
100 _aBucak, Nevra.
245 0 _aKızın adı Candan
250 _a7. bs.
260 _bÖzyürek Yayınevi,
_c2014
300 _a95 s.
942 _2ddc
_cBK
999 _c17176
_d17176